[Event "Mittelrhein Verbandsliga-O 15/16"]
[Site "Nordrheinwestfalen"]
[Date "2015.10.18"]
[Round "3"]
[White "Kaimer, Werner"]
[Black "Benesch, Herbert"]
[Result "1/2-1/2"]
[WhiteElo "1846"]
[BlackElo "1652"]
[PlyCount "107"]
[EventDate "2015.09.06"]
[EventType "team-tourn"]
[EventRounds "11"]
[EventCountry "GER"]
[SourceTitle "EXT 2022"]
[Source "ChessBase"]
[SourceDate "2021.10.06"]
[SourceVersion "1"]
[SourceVersionDate "2021.10.06"]
[SourceQuality "1"]
[WhiteTeam "Koeln Lasker II"]
[BlackTeam "Siegburg"]
[WhiteTeamCountry "GER"]
[BlackTeamCountry "GER"]

1. e4 g6 2. d4 d6 3. Nc3 Bg7 4. f4 e6 5. Nf3 Ne7 6. Bd3 f5 7. 0-0 0-0 8. e5 d5 9. Ne2 h6 10. Qe1 b6 11. c3 a5 12. Qh4 Ba6 13. Bxa6 Nxa6 14. g4 b5 15. Kh1 Qe8 16. Rg1 c6 17. Bd2 Nc7 18. g5 h5 19. Rg2 Kf7 20. Rag1 Rh8 21. Qf2 Rh7 22. h4 Nc8 23. Nc1 a4 24. Nd3 Bf8 25. Rb1 Nb6 26. Rgg1 Be7 27. Rgc1 Na6 28. Be1 Qd7 29. b3 axb3 30. axb3 Rhh8 31. Ra1 Nc7 32. Qb2 Rhb8 33. Rxa8 Rxa8 34. Ra1 Qc8 35. Nc5 Nd7 36. Rxa8 Nxa8 37. Qa3 Nc7 38. Qa7 Bxc5 39. dxc5 Qb8 40. Qxb8 Nxb8 41. Nd4 Ke7 42. Kg2 Kd7 43. Kf3 Nba6 44. b4 Nb8 45. Nb3 Ne8 46. Ke3 Na6 47. Kd4 Kc7 48. Kd3 Kd7 49. Na5 Kc7 50. Bf2 Ng7 51. Nb3 Kd7 52. Nd4 Nc7 53. Kc2 Na6 54. Nb3 1/2-1/2

[Event "Mittelrhein Verbandsliga Ost 1415"]
[Site "Mittelrhein"]
[Date "2014.09.07"]
[Round "1.6"]
[White "Benesch, Herbert"]
[Black "Rommel, Wilfried"]
[Result "0-1"]
[WhiteElo "1693"]
[BlackElo "1779"]
[PlyCount "120"]
[EventDate "2014.09.07"]
[EventType "team-tourn"]
[EventRounds "11"]
[EventCountry "GER"]
[SourceTitle "EXT 2023"]
[Source "ChessBase"]
[SourceDate "2022.10.05"]
[SourceVersion "1"]
[SourceVersionDate "2022.10.05"]
[SourceQuality "1"]
[WhiteTeam "Siegburg"]
[BlackTeam "Godesberg IV"]
[WhiteTeamCountry "GER"]
[BlackTeamCountry "GER"]

1. c4 d6 2. Nc3 Nf6 3. g3 g6 4. Bg2 Bg7 5. e3 0-0 6. Nge2 c6 7. 0-0 Be6 8. b3 Qc8 9. Bb2 Bh3 10. d4 Bxg2 11. Kxg2 Nbd7 12. Qc2 Rd8 13. Rad1 b5 14. cxb5 cxb5 15. Qd3 Qb7+ 16. f3 Rab8 17. Bc1 b4 18. Na4 a5 19. e4 Rdc8 20. Be3 Bf8 21. Rc1 Rxc1 22. Rxc1 Rc8 23. Rc2 e6 24. Qd2 Nxe4 25. Qc1 Rxc2 26. Qxc2 Nef6 27. h3 Nd5 28. Bd2 Bg7 29. Nb2 N7b6 30. Nd3 h6 31. Kf2 g5 32. Nb2 Qd7 33. Nc4 Qc6 34. Qc1 Nxc4 35. Qxc4 Ne7 36. Be3 d5 37. Qc1 Qxc1 38. Nxc1 Nc6 39. Ne2 Kf8 40. Ke1 Ke7 41. Kd2 Kd6 42. Kd3 e5 43. g4 Nxd4 44. Nxd4 exd4 45. Bf2 Be5 46. Bg1 Ke6 47. Bf2 f5 48. Bg1 Kf6 49. Bf2 Kg6 50. Bxd4 Bc7 51. Bf2 Kf6 52. Bd4+ Ke6 53. Bg7 fxg4 54. fxg4 Bd6 55. Kd4 Be7 56. Be5 Bc5+ 57. Kxc5 Kxe5 58. Kb5 d4 59. Kxa5 d3 60. Kxb4 d2 0-1